01140nam a2200313 a 4500001001100000003000800011006001900019007001500038008004100053015001500094016001900109020002100128040002100149035002000170050002400190082001500214100003700229245007600266260002700342300002200369504005100391533015200442650003200594650001400626655002900640710001700669856012500686999001500811ebr5000294CaPaEBRm u cr cn|||||||||990215s1998 enka sb 001 0 eng  aGB99-158957 a18599612662Uk z1859961266(pbk.) aCaPaEBRcCaPaEBR a(OCoLC)5049053214aRD768b.P657 1998eb04a617.562211 aPorter, R. W.q(Richard William)14aThe spine and medical negligenceh[electronic resource] /cR.W. Porter. aOxford :bBIOS,c1998. axi,184 p. :bill. aIncludes bibliographical references and index. aElectronic reproduction.bPalo Alto, Calif. :cebrary,d2013.nAvailable via World Wide Web.nAccess may be limited to ebrary affiliated libraries. 0aLumbar vertebraexDiseases. 0aBackache. 7aElectronic books.2local2 aebrary, Inc.40uhttp://site.ebrary.com/lib/rucke/Doc?id=5000294zAn electronic book accessible through the World Wide Web; click to view c2753d2753